Vista normal
Vista MARC
Entrada Personal Name
Número de registros utilizados en: 1
001 - CONTROL NUMBER
- control field: 21282
003 - CONTROL NUMBER IDENTIFIER
- control field: OSt
005 - DATE AND TIME OF LATEST TRANSACTION
- control field: 20230915230816.0
008 - FIXED-LENGTH DATA ELEMENTS
- fixed length control field: 230915|| aca||aabn | a|a d
040 ## - CATALOGING SOURCE
- Original cataloging agency: OSt
- Transcribing agency: OSt
100 ## - HEADING--PERSONAL NAME
- Personal name: Alvaro, Jose Luis; Garrido, Alicia; Torregrosa, Jose Ramón
670 ## - SOURCE DATA FOUND
- Source citation: Work cat.: (OSt)25145: Alvaro, Jose Luis; Garrido, Alicia; Torregrosa, Jose Ramón, Psicología Social Aplicada, 1998